| 000 | 00428nam a2200157 i 4500 | ||
|---|---|---|---|
| 001 | 79584 | ||
| 003 | ES-MaACL | ||
| 005 | 20230906174018.0 | ||
| 007 | t| | ||
| 008 | 041022s1971 ec ||||1| spa d | ||
| 100 | 1 |
_aHerrer, Julio. _963178 |
|
| 245 | 1 | 3 |
_aLa Biblia dice / _cJulio Herrer. |
| 260 |
_aEsmeraldas (Ecuador) : _bCentro "Fe Católica", _c1971. |
||
| 300 |
_a115 p. ; _c17 cm. |
||
| 852 |
_aES-MaACL _jC-47164 _bR.79488 |
||
| 999 |
_c79584 _d79584 |
||